[Event "European Chess Club Cup 2023"]
[Site "Durres, Albania"]
[Date "2023.10.07"]
[Round "7.57"]
[White "Grigorian, Spartak"]
[Black "Krstulovic, Alex"]
[Result "0-1"]
[TimeControl "90' + 30' & 30\""]
[WhiteElo "2444"]
[BlackElo "2433"]

1. e4 {[%clk 01:30:57]} {[%emt 00:00:02]} c6 {[%clk 01:29:58]} {[%emt
00:01:02]} 2. d4 {[%clk 01:30:03]} {[%emt 00:01:25]} d5 {[%clk 01:30:21]}
{[%emt 00:00:07]} 3. e5 {[%clk 01:29:25]} {[%emt 00:01:08]} c5 {[%clk
01:30:45]} {[%emt 00:00:06]} 4. dxc5 {[%clk 01:29:11]} {[%emt 00:00:47]} e6
{[%clk 01:31:04]} {[%emt 00:00:07]} 5. a3 {[%clk 01:29:05]} {[%emt 00:00:38]}
Bxc5 {[%clk 01:31:23]} {[%emt 00:00:09]} 6. Nf3 {[%clk 01:29:29]} {[%emt
00:00:07]} f6 {[%clk 01:31:10]} {[%emt 00:00:43]} 7. b4 {[%clk 01:24:34]}
{[%emt 00:05:26]} Be7 {[%clk 01:31:31]} {[%emt 00:00:08]} 8. Bd3 {[%clk
01:22:49]} {[%emt 00:02:16]} a5 {[%clk 01:31:41]} {[%emt 00:00:20]} 9. b5
{[%clk 01:13:21]} {[%emt 00:09:58]} Nd7 {[%clk 01:30:22]} {[%emt 00:01:49]} 10.
Bb2 {[%clk 01:13:18]} {[%emt 00:00:33]} Nh6 {[%clk 01:30:39]} {[%emt 00:00:13]}
11. c4 {[%clk 01:10:56]} {[%emt 00:02:53]} O-O {[%clk 01:14:38]} {[%emt
00:16:29]} 12. Qc2 {[%clk 00:43:55]} {[%emt 00:27:32]} fxe5 {[%clk 01:13:43]}
{[%emt 00:01:25]} 13. Nxe5 {[%clk 00:27:53]} {[%emt 00:16:32]} Nxe5 {[%clk
01:11:42]} {[%emt 00:02:30]} 14. Bxe5 {[%clk 00:28:19]} {[%emt 00:00:05]} Bf6
{[%clk 01:06:47]} {[%emt 00:05:25]} 15. Bxf6 {[%clk 00:16:25]} {[%emt
00:12:25]} Qxf6 {[%clk 01:06:15]} {[%emt 00:01:01]} 16. Ra2 {[%clk 00:16:53]}
{[%emt 00:00:02]} Bd7 {[%clk 01:03:06]} {[%emt 00:03:38]} 17. O-O {[%clk
00:15:45]} {[%emt 00:01:39]} Rac8 {[%clk 00:59:06]} {[%emt 00:04:30]} 18. Qb3
{[%clk 00:10:35]} {[%emt 00:05:41]} Ng4 {[%clk 00:52:15]} {[%emt 00:07:20]} 19.
cxd5 {[%clk 00:10:13]} {[%emt 00:00:53]} exd5 {[%clk 00:46:16]} {[%emt
00:06:27]} 20. h3 {[%clk 00:06:06]} {[%emt 00:04:38]} Ne5 {[%clk 00:32:19]}
{[%emt 00:14:27]} 21. Be4 {[%clk 00:06:32]} {[%emt 00:00:05]} Kh8 {[%clk
00:32:39]} {[%emt 00:00:09]} 22. Bxd5 {[%clk 00:06:55]} {[%emt 00:00:07]} a4
{[%clk 00:31:37]} {[%emt 00:01:32]} 23. Qxa4 {[%clk 00:02:03]} {[%emt
00:05:24]} Rc5 {[%clk 00:32:05]} 24. Rd1 {[%clk 00:02:32]} {[%emt 00:00:02]}
Rxb5 {[%clk 00:29:46]} {[%emt 00:02:49]} 25. Qd4 {[%clk 00:02:39]} {[%emt
00:00:23]} Rxb1 {[%clk 00:30:00]} {[%emt 00:00:16]} 26. Ra1 {[%clk 00:00:46]}
{[%emt 00:02:22]} Rxa1 {[%clk 00:24:09]} {[%emt 00:06:21]} 27. Qxa1 {[%clk
00:01:15]} {[%emt 00:00:02]} Qxf2+ {[%clk 00:24:32]} {[%emt 00:00:07]} 28. Kh1
{[%clk 00:01:44]} {[%emt 00:00:01]} Qg3 {[%clk 00:22:48]} {[%emt 00:02:14]} 29.
Bxb7 {[%clk 00:01:49]} {[%emt 00:00:25]} Bxh3 {[%clk 00:22:18]} {[%emt
00:00:59]} 30. gxh3 {[%clk 00:00:35]} {[%emt 00:01:44]} Qxh3+ {[%clk 00:22:41]}
{[%emt 00:00:07]} 31. Kg1 {[%clk 00:01:02]} {[%emt 00:00:03]} Qg3+ {[%clk
00:22:51]} {[%emt 00:00:20]} 32. Kh1 {[%clk 00:01:27]} {[%emt 00:00:05]} Ng4
{[%clk 00:23:01]} {[%emt 00:00:21]} 33. Bg2 {[%clk 00:00:31]} {[%emt 00:01:26]}
Qh2# {[%emt 00:00:25]} 0-1

[Event "European Chess Club Cup 2023"]
[Site "Durres, Albania"]
[Date "2023.10.07"]
[Round "7.58"]
[White "Pezelj, Novak"]
[Black "Colbow, Collin"]
[Result "1/2-1/2"]
[TimeControl "90' + 30' & 30\""]
[WhiteElo "2476"]
[BlackElo "2404"]

1. d4 {[%clk 01:30:51]} {[%emt 00:00:08]} Nf6 {[%clk 01:30:14]} {[%emt
00:00:47]} 2. c4 {[%clk 01:30:50]} {[%emt 00:00:30]} e6 {[%clk 01:30:39]}
{[%emt 00:00:06]} 3. a3 {[%clk 01:30:12]} {[%emt 00:01:07]} d5 {[%clk
01:29:11]} {[%emt 00:01:59]} 4. Nc3 {[%clk 01:29:34]} {[%emt 00:01:08]} c6
{[%clk 01:23:25]} {[%emt 00:06:16]} 5. e3 {[%clk 01:25:54]} {[%emt 00:04:10]}
b6 {[%clk 01:12:11]} {[%emt 00:11:44]} 6. Nf3 {[%clk 01:21:45]} {[%emt
00:04:39]} Bb7 {[%clk 01:09:58]} {[%emt 00:02:43]} 7. Bd3 {[%clk 01:09:21]}
{[%emt 00:12:53]} dxc4 {[%clk 01:06:47]} {[%emt 00:03:42]} 8. Bxc4 {[%clk
01:09:44]} {[%emt 00:00:07]} c5 {[%clk 01:05:15]} {[%emt 00:02:02]} 9. O-O
{[%clk 01:06:38]} {[%emt 00:03:36]} cxd4 {[%clk 00:59:02]} {[%emt 00:06:43]} 10.
Nxd4 {[%clk 01:04:02]} {[%emt 00:03:06]} a6 {[%clk 00:56:36]} {[%emt 00:02:56]}
11. Qe2 {[%clk 00:52:28]} {[%emt 00:12:03]} b5 {[%clk 00:40:23]} {[%emt
00:16:44]} 12. Ba2 {[%clk 00:50:02]} {[%emt 00:02:56]} Qb6 {[%clk 00:39:51]}
{[%emt 00:01:02]} 13. Rd1 {[%clk 00:46:26]} {[%emt 00:04:06]} Nc6 {[%clk
00:37:32]} {[%emt 00:02:48]} 14. Nf3 {[%clk 00:41:46]} {[%emt 00:05:10]} Rc8
{[%clk 00:28:51]} {[%emt 00:09:11]} 15. e4 {[%clk 00:34:10]} {[%emt 00:08:06]}
Ng4 {[%clk 00:24:07]} {[%emt 00:05:14]} 16. Nd5 {[%clk 00:32:59]} {[%emt
00:01:41]} Qa7 {[%clk 00:20:03]} {[%emt 00:04:33]} 17. h3 {[%clk 00:26:48]}
{[%emt 00:06:43]} Nge5 {[%clk 00:18:25]} {[%emt 00:02:07]} 18. Be3 {[%clk
00:25:41]} {[%emt 00:01:37]} Bc5 {[%clk 00:17:18]} {[%emt 00:01:37]} 19. Bxc5
{[%clk 00:24:47]} {[%emt 00:01:24]} Qxc5 {[%clk 00:17:46]} {[%emt 00:00:02]} 20.
Rac1 {[%clk 00:24:55]} {[%emt 00:00:22]} Nxf3+ {[%clk 00:15:49]} {[%emt
00:02:28]} 21. Qxf3 {[%clk 00:25:01]} {[%emt 00:00:24]} Qa7 {[%clk 00:12:15]}
{[%emt 00:04:04]} 22. Qg3 {[%clk 00:23:02]} {[%emt 00:02:29]} O-O {[%clk
00:09:43]} {[%emt 00:03:02]} 23. Nf6+ {[%clk 00:21:30]} {[%emt 00:02:01]} Kh8
{[%clk 00:10:12]} {[%emt 00:00:02]} 24. Nh5 {[%clk 00:10:35]} {[%emt 00:11:25]}
g6 {[%clk 00:07:29]} {[%emt 00:03:12]} 25. Qg5 {[%clk 00:10:54]} {[%emt
00:00:11]} gxh5 {[%clk 00:05:30]} {[%emt 00:02:29]} 26. Qf6+ {[%clk 00:11:04]}
{[%emt 00:00:20]} Kg8 {[%clk 00:06:00]} 27. Rd3 {[%clk 00:05:25]} {[%emt
00:06:09]} h4 {[%clk 00:06:19]} {[%emt 00:00:11]} 28. Rcc3 {[%clk 00:04:13]}
{[%emt 00:01:42]} Qb8 {[%clk 00:03:43]} {[%emt 00:03:06]} 29. Rc5 {[%clk
00:03:21]} {[%emt 00:01:22]} Ne7 {[%clk 00:00:37]} {[%emt 00:03:36]} 30. Qxe7
{[%clk 00:03:14]} {[%emt 00:00:37]} Rxc5 {[%clk 00:01:03]} {[%emt 00:00:05]} 31.
Qxc5 {[%clk 00:03:42]} {[%emt 00:00:02]} Bxe4 {[%clk 00:01:07]} {[%emt
00:00:26]} 32. Qg5+ {[%clk 00:03:22]} {[%emt 00:00:50]} Bg6 {[%clk 00:01:10]}
{[%emt 00:00:27]} 33. Rd4 {[%clk 00:01:21]} {[%emt 00:02:30]} Rc8 {[%clk
00:01:16]} {[%emt 00:00:24]} 34. Bb3 {[%clk 00:01:08]} {[%emt 00:00:43]} h6
{[%clk 00:00:35]} {[%emt 00:01:11]} 35. Qxh4 {[%clk 00:00:49]} {[%emt
00:00:49]} Rc1+ {[%clk 00:00:55]} {[%emt 00:00:11]} 36. Rd1 {[%clk 00:00:58]}
{[%emt 00:00:21]} Rxd1+ {[%clk 00:01:18]} {[%emt 00:00:06]} 37. Bxd1 {[%clk
00:01:27]} {[%emt 00:00:02]} Qe5 {[%clk 00:01:33]} {[%emt 00:00:15]} 38. Qd8+
{[%clk 00:01:48]} {[%emt 00:00:08]} Kg7 {[%clk 00:01:28]} {[%emt 00:00:35]}
1/2-1/2

[Event "European Chess Club Cup 2023"]
[Site "Durres, Albania"]
[Date "2023.10.07"]
[Round "7.59"]
[White "Reuker, Jari"]
[Black "Lukovic, Vladimir"]
[Result "0-1"]
[TimeControl "90' + 30' & 30\""]
[WhiteElo "2403"]
[BlackElo "2437"]

1. e4 {[%clk 01:30:56]} {[%emt 00:00:04]} e5 {[%clk 01:30:46]} {[%emt
00:00:15]} 2. Nf3 {[%clk 01:31:17]} {[%emt 00:00:08]} Nc6 {[%clk 01:31:01]}
{[%emt 00:00:16]} 3. Bb5 {[%clk 01:31:39]} {[%emt 00:00:08]} a6 {[%clk
01:31:08]} {[%emt 00:00:23]} 4. Ba4 {[%clk 01:32:02]} {[%emt 00:00:06]} b5
{[%clk 01:31:13]} {[%emt 00:00:26]} 5. Bb3 {[%clk 01:32:26]} {[%emt 00:00:06]}
Na5 {[%clk 01:31:38]} {[%emt 00:00:05]} 6. O-O {[%clk 01:29:24]} {[%emt
00:03:31]} d6 {[%clk 01:31:18]} {[%emt 00:00:50]} 7. d4 {[%clk 01:24:03]}
{[%emt 00:05:51]} exd4 {[%clk 01:30:48]} {[%emt 00:01:00]} 8. Nxd4 {[%clk
01:21:38]} {[%emt 00:02:54]} Bb7 {[%clk 01:30:46]} {[%emt 00:00:33]} 9. Nc3
{[%clk 01:02:24]} {[%emt 00:19:44]} c5 {[%clk 01:27:47]} {[%emt 00:03:29]} 10.
Nf5 {[%clk 00:59:41]} {[%emt 00:03:12]} g6 {[%clk 01:26:51]} {[%emt 00:01:26]}
11. Re1 {[%clk 00:57:14]} {[%emt 00:02:57]} Nxb3 {[%clk 01:20:07]} {[%emt
00:07:15]} 12. axb3 {[%clk 00:49:52]} {[%emt 00:07:52]} gxf5 {[%clk 01:20:14]}
{[%emt 00:00:23]} 13. exf5+ {[%clk 00:50:13]} {[%emt 00:00:08]} Kd7 {[%clk
01:16:03]} {[%emt 00:04:42]} 14. Nd5 {[%clk 00:42:56]} {[%emt 00:07:47]} Kc8
{[%clk 00:58:49]} {[%emt 00:17:44]} 15. Bd2 {[%clk 00:22:46]} {[%emt 00:20:40]}
b4 {[%clk 00:56:46]} {[%emt 00:02:33]} 16. Bxb4 {[%clk 00:23:10]} {[%emt
00:00:05]} cxb4 {[%clk 00:50:55]} {[%emt 00:06:22]} 17. Qd4 {[%clk 00:23:35]}
{[%emt 00:00:04]} Nf6 {[%clk 00:43:50]} {[%emt 00:07:35]} 18. Nxf6 {[%clk
00:14:52]} {[%emt 00:09:13]} Bg7 {[%clk 00:43:52]} {[%emt 00:00:28]} 19. Qc4+
{[%clk 00:15:08]} {[%emt 00:00:15]} Qc7 {[%clk 00:33:41]} {[%emt 00:10:40]} 20.
Qxc7+ {[%clk 00:14:36]} {[%emt 00:01:03]} Kxc7 {[%clk 00:34:06]} {[%emt
00:00:05]} 21. Re7+ {[%clk 00:15:00]} {[%emt 00:00:06]} Kc6 {[%clk 00:33:51]}
{[%emt 00:00:44]} 22. Nd5 {[%clk 00:09:34]} {[%emt 00:05:57]} Kxd5 {[%clk
00:33:30]} {[%emt 00:00:52]} 23. Rxb7 {[%clk 00:09:54]} {[%emt 00:00:09]} Rhf8
{[%clk 00:29:48]} {[%emt 00:04:12]} 24. Rxb4 {[%clk 00:08:27]} {[%emt
00:01:57]} Bxb2 {[%clk 00:28:32]} {[%emt 00:01:45]} 25. Rd1+ {[%clk 00:05:59]}
{[%emt 00:02:59]} Kc6 {[%clk 00:24:31]} {[%emt 00:04:31]} 26. c3 {[%clk
00:04:04]} {[%emt 00:02:25]} d5 {[%clk 00:21:35]} {[%emt 00:03:26]} 27. Rh4
{[%clk 00:02:32]} {[%emt 00:02:02]} Rab8 {[%clk 00:17:07]} {[%emt 00:04:58]} 28.
b4 {[%clk 00:02:58]} {[%emt 00:00:04]} Rfd8 {[%clk 00:16:24]} {[%emt 00:01:12]}
29. Rd3 {[%clk 00:02:53]} {[%emt 00:00:36]} d4 {[%clk 00:16:03]} {[%emt
00:00:51]} 30. cxd4 {[%clk 00:02:46]} {[%emt 00:00:36]} Rxb4 {[%clk 00:16:18]}
{[%emt 00:00:16]} 31. Rh6+ {[%clk 00:01:46]} {[%emt 00:01:30]} Kb5 {[%clk
00:15:30]} {[%emt 00:01:18]} 32. Rxh7 {[%clk 00:01:32]} {[%emt 00:00:44]} Rbxd4
{[%clk 00:14:25]} {[%emt 00:01:34]} 33. Rxd4 {[%clk 00:01:59]} {[%emt
00:00:04]} Rxd4 {[%clk 00:10:38]} {[%emt 00:04:16]} 34. h4 {[%clk 00:02:25]}
{[%emt 00:00:04]} Rd7 {[%clk 00:10:39]} {[%emt 00:00:29]} 35. g4 {[%clk
00:02:52]} {[%emt 00:00:04]} a5 {[%clk 00:10:28]} {[%emt 00:00:41]} 36. g5
{[%clk 00:02:58]} {[%emt 00:00:24]} a4 {[%clk 00:10:32]} {[%emt 00:00:26]} 37.
f6 {[%clk 00:03:07]} {[%emt 00:00:20]} a3 {[%clk 00:10:51]} {[%emt 00:00:12]}
38. Rh8 {[%clk 00:03:35]} {[%emt 00:00:02]} a2 {[%clk 00:11:10]} {[%emt
00:00:11]} 39. Ra8 {[%clk 00:04:02]} {[%emt 00:00:02]} a1=Q+ {[%clk 00:11:30]}
{[%emt 00:00:10]} 40. Rxa1 {[%clk 00:04:30]} {[%emt 00:00:03]} Bxa1 {[%clk
00:11:55]} {[%emt 00:00:06]} 41. Kg2 {[%clk 00:04:43]} {[%emt 00:00:16]} Kc6
{[%clk 00:12:06]} {[%emt 00:00:18]} 42. Kg3 {[%clk 00:05:03]} {[%emt 00:00:10]}
Kd5 {[%clk 00:12:19]} {[%emt 00:00:17]} 43. Kg4 {[%clk 00:05:26]} {[%emt
00:00:08]} Bxf6 {[%clk 00:12:25]} {[%emt 00:00:24]} 44. gxf6 {[%clk 00:05:51]}
{[%emt 00:00:04]} Ke5 {[%emt 00:00:15]} 0-1

[Event "European Chess Club Cup 2023"]
[Site "Durres, Albania"]
[Date "2023.10.07"]
[Round "7.60"]
[White "Sukovic, Andrej"]
[Black "Charmeteau, Sven"]
[Result "1-0"]
[TimeControl "90' + 30' & 30\""]
[WhiteElo "2380"]
[BlackElo "2288"]

1. c4 {[%clk 01:30:54]} {[%emt 00:00:05]} c5 {[%clk 01:24:56]} {[%emt
00:06:05]} 2. g3 {[%clk 01:31:11]} {[%emt 00:00:13]} Nf6 {[%clk 01:15:37]}
{[%emt 00:09:48]} 3. Bg2 {[%clk 01:31:20]} {[%emt 00:00:22]} e6 {[%clk
01:12:16]} {[%emt 00:03:51]} 4. Nf3 {[%clk 01:30:09]} {[%emt 00:01:41]} Be7
{[%clk 01:12:28]} {[%emt 00:00:18]} 5. O-O {[%clk 01:28:44]} {[%emt 00:01:55]}
O-O {[%clk 01:12:53]} {[%emt 00:00:04]} 6. d4 {[%clk 01:22:52]} {[%emt
00:06:23]} cxd4 {[%clk 01:07:50]} {[%emt 00:05:33]} 7. Nxd4 {[%clk 01:21:00]}
{[%emt 00:02:21]} d5 {[%clk 01:01:51]} {[%emt 00:06:30]} 8. cxd5 {[%clk
01:10:33]} {[%emt 00:10:57]} Nxd5 {[%clk 01:02:09]} {[%emt 00:00:12]} 9. e4
{[%clk 01:10:40]} {[%emt 00:00:23]} Nb4 {[%clk 00:59:36]} {[%emt 00:03:03]} 10.
Nc3 {[%clk 01:08:20]} {[%emt 00:02:50]} N8c6 {[%clk 00:56:01]} {[%emt
00:04:04]} 11. Nxc6 {[%clk 01:05:41]} {[%emt 00:03:09]} Nxc6 {[%clk 00:56:26]}
{[%emt 00:00:06]} 12. Be3 {[%clk 00:58:42]} {[%emt 00:07:29]} Qa5 {[%clk
00:47:31]} {[%emt 00:09:24]} 13. Qa4 {[%clk 00:48:41]} {[%emt 00:10:32]} Bd7
{[%clk 00:42:48]} {[%emt 00:05:13]} 14. Rfd1 {[%clk 00:43:38]} {[%emt
00:05:33]} Rfd8 {[%clk 00:42:57]} {[%emt 00:00:20]} 15. Qxa5 {[%clk 00:42:10]}
{[%emt 00:01:59]} Nxa5 {[%clk 00:43:25]} {[%emt 00:00:02]} 16. Bf1 {[%clk
00:42:14]} {[%emt 00:00:26]} Nc6 {[%clk 00:17:19]} {[%emt 00:26:35]} 17. Nb5
{[%clk 00:29:15]} {[%emt 00:13:29]} e5 {[%clk 00:06:01]} {[%emt 00:11:49]} 18.
Nc7 {[%clk 00:22:24]} {[%emt 00:07:21]} Bg4 {[%clk 00:05:15]} {[%emt 00:01:16]}
19. Rxd8+ {[%clk 00:20:09]} {[%emt 00:02:43]} Rxd8 {[%clk 00:05:43]} {[%emt
00:00:02]} 20. Nd5 {[%clk 00:20:17]} {[%emt 00:00:23]} Bf8 {[%clk 00:05:10]}
{[%emt 00:01:04]} 21. a3 {[%clk 00:19:46]} {[%emt 00:01:01]} Be6 {[%clk
00:01:06]} {[%emt 00:04:33]} 22. Bc4 {[%clk 00:15:28]} {[%emt 00:04:47]} Na5
{[%clk 00:00:48]} {[%emt 00:00:49]} 23. Ba2 {[%clk 00:14:33]} {[%emt 00:01:25]}
Rc8 {[%clk 00:00:39]} {[%emt 00:00:40]} 24. Bxa7 {[%clk 00:13:18]} {[%emt
00:01:44]} Rc2 {[%clk 00:00:52]} {[%emt 00:00:17]} 25. b4 {[%clk 00:13:27]}
{[%emt 00:00:21]} Nc6 {[%clk 00:00:57]} {[%emt 00:00:24]} 26. Be3 {[%clk
00:13:13]} {[%emt 00:00:45]} Nd4 {[%clk 00:00:55]} {[%emt 00:00:32]} 27. Bb1
{[%clk 00:10:23]} {[%emt 00:03:21]} Rb2 {[%clk 00:00:38]} {[%emt 00:00:47]} 28.
Bd3 {[%clk 00:10:38]} {[%emt 00:00:15]} f5 {[%clk 00:00:32]} {[%emt 00:00:35]}
29. Bxd4 {[%clk 00:09:28]} {[%emt 00:01:40]} exd4 {[%clk 00:00:52]} {[%emt
00:00:10]} 30. Nf4 {[%clk 00:09:49]} {[%emt 00:00:09]} fxe4 {[%clk 00:00:51]}
{[%emt 00:00:32]} 31. Bxe4 {[%clk 00:09:51]} {[%emt 00:00:28]} Bc4 {[%clk
00:00:59]} {[%emt 00:00:22]} 32. Bxb7 {[%clk 00:09:52]} {[%emt 00:00:29]} d3
{[%clk 00:01:17]} {[%emt 00:00:11]} 33. Bd5+ {[%clk 00:09:42]} {[%emt
00:00:40]} Bxd5 {[%clk 00:01:46]} {[%emt 00:00:02]} 34. Nxd5 {[%clk 00:10:05]}
{[%emt 00:00:07]} g5 {[%clk 00:02:13]} {[%emt 00:00:03]} 35. Kg2 {[%clk
00:06:33]} {[%emt 00:04:02]} Kf7 {[%clk 00:01:19]} {[%emt 00:01:23]} 36. Kf3
{[%clk 00:05:09]} {[%emt 00:01:54]} Ke6 {[%clk 00:01:49]} 37. Ne3 {[%clk
00:04:58]} {[%emt 00:00:41]} h5 {[%clk 00:02:15]} {[%emt 00:00:04]} 38. h3
{[%clk 00:04:30]} {[%emt 00:00:59]} Bg7 {[%clk 00:02:25]} {[%emt 00:00:19]} 39.
Rd1 {[%clk 00:04:53]} {[%emt 00:00:07]} d2 {[%clk 00:00:34]} {[%emt 00:02:20]}
40. Ke4 {[%clk 00:04:17]} {[%emt 00:01:06]} Ra2 {[%clk 00:00:34]} {[%emt
00:00:30]} 41. Nc4 {[%clk 00:02:55]} {[%emt 00:01:53]} Rc2 {[%clk 00:01:02]}
{[%emt 00:00:02]} 42. Nxd2 {[%clk 00:03:04]} {[%emt 00:00:21]} g4 {[%clk
00:01:03]} {[%emt 00:00:29]} 43. hxg4 {[%clk 00:01:56]} {[%emt 00:01:38]} hxg4
{[%clk 00:01:21]} {[%emt 00:00:12]} 44. b5 {[%clk 00:19:41]} {[%emt 00:12:44]}
Rb2 {[%clk 00:30:52]} {[%emt 00:01:00]} 45. Nc4 {[%clk 00:18:43]} {[%emt
00:01:28]} Rxb5 {[%clk 00:29:21]} {[%emt 00:02:01]} 46. Rd6+ {[%clk 00:18:19]}
{[%emt 00:00:54]} Ke7 {[%clk 00:29:31]} {[%emt 00:00:20]} 47. Rb6 {[%clk
00:18:40]} {[%emt 00:00:09]} Rc5 {[%clk 00:29:41]} {[%emt 00:00:19]} 48. Ne3
{[%clk 00:19:04]} {[%emt 00:00:06]} Re5+ {[%clk 00:28:42]} {[%emt 00:01:30]} 49.
Kf4 {[%clk 00:19:15]} {[%emt 00:00:19]} Ra5 {[%clk 00:29:09]} {[%emt 00:00:02]}
50. Nf5+ {[%clk 00:19:32]} {[%emt 00:00:14]} Kf7 {[%clk 00:28:53]} {[%emt
00:00:46]} 51. Rb7+ {[%clk 00:19:36]} {[%emt 00:00:26]} Kf6 {[%clk 00:29:15]}
{[%emt 00:00:08]} 52. Nxg7 {[%clk 00:19:31]} {[%emt 00:00:34]} 1-0

[Event "European Chess Club Cup 2023"]
[Site "Durres, Albania"]
[Date "2023.10.07"]
[Round "7.61"]
[White "Swinkels, Robin"]
[Black "Haria, Ravi"]
[Result "1/2-1/2"]
[TimeControl "90' + 30' & 30\""]
[WhiteElo "2515"]
[BlackElo "2522"]

1. d4 {[%clk 01:30:57]} {[%emt 00:00:02]} d5 {[%clk 01:30:40]} {[%emt
00:00:20]} 2. c4 {[%clk 01:31:22]} {[%emt 00:00:06]} e6 {[%clk 01:31:03]}
{[%emt 00:00:07]} 3. g3 {[%clk 01:31:45]} {[%emt 00:00:06]} Nf6 {[%clk
01:31:26]} {[%emt 00:00:06]} 4. Bg2 {[%clk 01:32:09]} {[%emt 00:00:06]} Be7
{[%clk 01:31:52]} {[%emt 00:00:05]} 5. Nf3 {[%clk 01:32:22]} {[%emt 00:00:18]}
O-O {[%clk 01:32:15]} {[%emt 00:00:06]} 6. O-O {[%clk 01:32:39]} {[%emt
00:00:13]} dxc4 {[%clk 01:32:39]} {[%emt 00:00:06]} 7. Qc2 {[%clk 01:32:56]}
{[%emt 00:00:14]} b5 {[%clk 01:32:59]} {[%emt 00:00:10]} 8. a4 {[%clk
01:33:12]} {[%emt 00:00:13]} b4 {[%clk 01:33:02]} {[%emt 00:00:27]} 9. Nfd2
{[%clk 01:32:16]} {[%emt 00:01:27]} Nd5 {[%clk 01:32:29]} {[%emt 00:01:03]} 10.
Nxc4 {[%clk 01:32:14]} {[%emt 00:00:30]} c5 {[%clk 01:32:30]} {[%emt 00:00:30]}
11. dxc5 {[%clk 01:31:46]} {[%emt 00:00:58]} Bxc5 {[%clk 01:32:38]} {[%emt
00:00:23]} 12. e4 {[%clk 01:20:58]} {[%emt 00:11:18]} Nb6 {[%clk 01:32:45]}
{[%emt 00:00:22]} 13. e5 {[%clk 00:59:30]} {[%emt 00:21:59]} Nd5 {[%clk
01:28:25]} {[%emt 00:04:50]} 14. Ne3 {[%clk 00:58:27]} {[%emt 00:01:33]} Bxe3
{[%clk 01:14:06]} {[%emt 00:14:48]} 15. Bxe3 {[%clk 00:58:51]} {[%emt
00:00:07]} Bb7 {[%clk 01:13:11]} {[%emt 00:01:24]} 16. Qe4 {[%clk 00:46:40]}
{[%emt 00:12:41]} Nxe3 {[%clk 01:04:54]} {[%emt 00:08:47]} 17. Qxb7 {[%clk
00:39:02]} {[%emt 00:08:08]} Nxf1 {[%clk 01:01:53]} {[%emt 00:03:31]} 18. Qxa8
{[%clk 00:39:14]} {[%emt 00:00:18]} Qd4 {[%clk 00:46:41]} {[%emt 00:15:42]} 19.
Nc3 {[%clk 00:34:20]} {[%emt 00:05:25]} Nd2 {[%clk 00:44:27]} {[%emt 00:02:44]}
20. Ne4 {[%clk 00:25:24]} {[%emt 00:09:26]} Nd7 {[%clk 00:28:03]} {[%emt
00:16:54]} 21. Qb7 {[%clk 00:23:44]} {[%emt 00:02:10]} Nb3 {[%clk 00:23:18]}
{[%emt 00:05:15]} 22. Re1 {[%clk 00:15:28]} {[%emt 00:08:46]} Nxe5 {[%clk
00:21:01]} {[%emt 00:02:47]} 23. Qc7 {[%clk 00:15:11]} {[%emt 00:00:47]} Nd3
{[%clk 00:14:42]} {[%emt 00:06:48]} 24. Re2 {[%clk 00:10:15]} {[%emt 00:05:26]}
Nxb2 {[%clk 00:11:09]} {[%emt 00:04:03]} 25. Bf1 {[%clk 00:04:41]} {[%emt
00:06:05]} Nc4 {[%clk 00:06:39]} {[%emt 00:04:59]} 26. Qf4 {[%clk 00:02:45]}
{[%emt 00:02:26]} e5 {[%clk 00:02:17]} {[%emt 00:04:52]} 27. Qg5 {[%clk
00:01:42]} {[%emt 00:01:34]} h6 {[%clk 00:01:59]} {[%emt 00:00:48]} 28. Nf6+
{[%clk 00:00:47]} {[%emt 00:01:25]} Kh8 {[%clk 00:02:24]} {[%emt 00:00:04]} 29.
Qf5 {[%clk 00:01:16]} {[%emt 00:00:02]} g6 {[%clk 00:01:05]} {[%emt 00:01:49]}
30. Qh3 {[%clk 00:00:55]} {[%emt 00:00:51]} Kg7 {[%clk 00:01:08]} {[%emt
00:00:27]} 31. Re4 {[%clk 00:01:23]} {[%emt 00:00:02]} Qd1 {[%clk 00:00:35]}
{[%emt 00:01:03]} 32. Rxc4 {[%clk 00:00:43]} {[%emt 00:01:10]} Nd2 {[%clk
00:00:45]} {[%emt 00:00:19]} 33. Rxb4 {[%clk 00:00:34]} {[%emt 00:00:40]} Kxf6
{[%clk 00:00:53]} {[%emt 00:00:22]} 34. Rb7 {[%clk 00:00:36]} {[%emt 00:00:28]}
Rd8 {[%clk 00:00:37]} {[%emt 00:00:45]} 35. Rxa7 {[%clk 00:00:32]} {[%emt
00:00:36]} Nf3+ {[%clk 00:00:33]} {[%emt 00:00:33]} 36. Kg2 {[%clk 00:00:42]}
{[%emt 00:00:20]} Ne1+ {[%clk 00:00:33]} {[%emt 00:00:29]} 37. Kg1 {[%clk
00:00:33]} {[%emt 00:00:40]} Nf3+ {[%clk 00:00:42]} {[%emt 00:00:21]} 38. Kg2
{[%clk 00:00:37]} {[%emt 00:00:26]} Ng5 {[%clk 00:00:33]} {[%emt 00:00:38]} 39.
Qxh6 {[%clk 00:00:41]} {[%emt 00:00:27]} Qd5+ {[%clk 00:00:35]} {[%emt
00:00:28]} 40. Kg1 {[%clk 00:00:47]} {[%emt 00:00:24]} Nf3+ {[%clk 00:00:35]}
{[%emt 00:00:29]} 41. Kh1 {[%clk 00:11:47]} {[%emt 00:19:30]} Ng5+ {[%clk
00:25:46]} {[%emt 00:05:19]} 1/2-1/2